000 00273nam a22001097a 4500
008 160524b xxu||||| |||| 00| 0 eng d
020 _a1592006973
041 _aeng
080 _a78
245 _aProducing music with samples, loops, and MIDI:
_cBill Gibson;
942 _2udc
_cBK
999 _c2412
_d2412